00290cam1a220012100 4500001001200000008004100012035001900053035001800072100002800090245003400118260001000152004000600162zam00003290951128s1973 xx eng u a(Sirsi) r20622 a(MACHINE)SLC. aGanett, S. D.6A82032.110aMycology and plant pathology. c1973.20622